| 000 | 00740nam a22002057a 4500 | ||
|---|---|---|---|
| 999 |
_c15836 _d15836 |
||
| 003 | AR-CdUCM | ||
| 008 | 190430b ||||| |||| 00| 0 spa d | ||
| 040 |
_aMUNICIPALIDAD PROVINCIAL DEL CUSCO _cBIBLIOTECA MUNICIPAL DEL CUSCO |
||
| 082 |
_a861.47 / _bIN61 |
||
| 245 | _aIntegración social en Guatemala / | ||
| 260 |
_aGuatemala : _bNacional de Guatemala, _c1956. |
||
| 300 |
_a479 páginas ; _c20 cm. |
||
| 505 | _aContenido : Integración regional -- La integración en la estructura social -- La integración en el sistema económico ... | ||
| 650 |
_aLiteratura _983 |
||
| 650 |
_aSociedad _953 |
||
| 650 |
_aGuatemala _92870 |
||
| 700 |
_aArriola, Jorge Luis (Editor) _935036 |
||
| 942 |
_2ddc _cLIBROS |
||
| 945 |
_arah _d30/04/2019 |
||